2023 AFL Top 50 Disposal Average - Statistics

General Stats
  • This quiz has been taken 193 times
  • The average score is 35 of 50
Answer Stats
Rank Club Average Answer % Correct
1 GWS 32 Tom Green
99%
2 Collingwood 31 Nick Daicos
98%
15 Melbourne 27.8 Christian Petracca
94%
5 Melbourne 30.3 Clayton Oliver
94%
38 Collingwood 25 Josh Daicos
94%
16 Western Bulldogs 27.7 Marcus Bontempelli
94%
4 Fremantle 30.7 Caleb Serong
93%
10 Essendon 28.8 Zach Merrett
93%
17 Port Adelaide 27.5 Zak Butters
89%
42 Carlton 24.8 Patrick Cripps
87%
12 Carlton 28.5 Sam Walsh
86%
7 Fremantle 29.2 Andrew Brayshaw
85%
3 Essendon 30.8 Darcy Parish
82%
24 GWS 26.9 Josh Kelly
82%
8 Adelaide 29 Rory Laird
82%
14 West Coast 28.2 Tim Kelly
82%
22 North Melbourne 27 Harry Sheezel
81%
20 Adelaide 27.1 Jordan Dawson
81%
26 Sydney 26.8 Errol Gulden
80%
27 Brisbane 26.7 Lachie Neale
80%
10 Richmond 28.8 Tim Taranto
80%
31 Port Adelaide 25.8 Connor Rozee
79%
24 Gold Coast 26.9 Noah Anderson
77%
6 Western Bulldogs 29.3 Adam Treloar
75%
9 St Kilda 28.9 Jack Sinclair
75%
37 Hawthorn 25.1 Jai Newcombe
73%
19 Western Bulldogs 27.3 Tom Liberatore
72%
40 Gold Coast 24.9 Touk Miller
71%
18 North Melbourne 27.4 Luke Davies-Uniacke
70%
22 GWS 27 Lachie Whitfield
67%
32 Hawthorn 25.6 Will Day
65%
20 St Kilda 27.1 Brad Crouch
63%
36 Western Bulldogs 25.3 Jack Macrae
63%
29 Hawthorn 26.4 James Sicily
63%
27 Adelaide 26.7 Matt Crouch
63%
32 Melbourne 25.6 Jack Viney
61%
13 GWS 28.3 Stephen Coniglio
61%
43 Sydney 24.7 Chad Warner
57%
50 Collingwood 23.9 Jordan De Goey
57%
45 Brisbane 24.3 Josh Dunkley
54%
34 Carlton 25.5 Adam Cerra
51%
30 Hawthorn 26.1 James Worpel
51%
40 Western Bulldogs 24.9 Bailey Dale
49%
38 Collingwood 25 Tom Mitchell
46%
47 Fremantle 24 Luke Ryan
44%
34 Carlton 25.5 Sam Docherty
41%
46 Gold Coast 24.2 Sam Flanders
29%
47 GWS 24 Lachie Ash
23%
44 West Coast 24.4 Dom Sheed
21%
47 Hawthorn 24 Conor Nash
20%
No matching quizzes found
Score Distribution
Percent of People with Each Score
Percentile by Number Answered
Your Score History
You have not taken this quiz